Sports Films - Sudden Death - Statistics

General Stats
  • This quiz has been taken 1,689 times
    344 since last reset
  • The average score is 8 of 16
Answers on the Grid
Answers color-coded by a green-red scale on the quiz's grid according to % correct below.
Rocky
Creed
Bend It Like Beckham
12 Angry Men
Men in Black
Raging Bull
Bridget Jones's Diary
Cliffhanger
Any Given Sunday
Invictus
Bad Boys
Training Day
Bull Durham
Coach Carter
King Richard
Manhattan
Chariots of Fire
Lock Up
Moneyball
Jerry Maguire
Chicago
Boyz n the Hood
Remember the Titans
Demolition Man
The Iron Claw
Men of Honor
The Color of Money
Kramer vs. Kramer
Eyes Wide Shut
Foxcatcher
 
Answer Stats
Answer % Correct
Rocky
83%
Creed
78%
Bend It Like Beckham
71%
Moneyball
67%
Coach Carter
64%
Remember the Titans
57%
Raging Bull
50%
Any Given Sunday
45%
Jerry Maguire
43%
Chariots of Fire
40%
Invictus
39%
Bull Durham
38%
King Richard
37%
The Color of Money
31%
The Iron Claw
30%
Foxcatcher
24%
No matching quizzes found
Score Distribution
Percent of People with Each Score
Percentile by Number Answered
Your Score History
You have not taken this quiz since the last reset